| 000 | 00484nam a2200169 4500 | ||
|---|---|---|---|
| 001 | 118947 | ||
| 003 | ES-MaACL | ||
| 005 | 20250728063128.0 | ||
| 007 | t| | ||
| 008 | 070214s1972 sp r ||||1| spa d | ||
| 100 | 1 |
_aPeyramaure, Michel, _d1922-2023 _991594 |
|
| 245 | 1 | 0 |
_aCordillera prohibida _b: novela / _cMichel Peyramaure. |
| 260 |
_aBilbao : _bMensajero, _c1972. |
||
| 300 |
_a227 p. ; _c21 cm. |
||
| 852 |
_aES-MaACL _jC-45704 _bR.83936 |
||
| 999 |
_c118947 _d118947 |
||